Macroeconomics / (Record no. 11963)

MARC details
000 -LEADER
fixed length control field 00944cam a2200277 a 4500
001 - CONTROL NUMBER
control field 3542184
003 - CONTROL NUMBER IDENTIFIER
control field mut
005 - DATE AND TIME OF LATEST TRANSACTION
control field 20240606081212.0
008 - FIXED-LENGTH DATA ELEMENTS--GENERAL INFORMATION
fixed length control field 970401s1998 mauab b 001 0 eng
010 ## - LIBRARY OF CONGRESS CONTROL NUMBER
LC control number 97011786
020 ## - INTERNATIONAL STANDARD BOOK NUMBER
International Standard Book Number 0201613867
040 ## - CATALOGING SOURCE
Original cataloging agency DLC
Transcribing agency mut
Modifying agency DLC
050 00 - LIBRARY OF CONGRESS CALL NUMBER
Classification number HB172.5
Item number .P36 2000
082 00 - DEWEY DECIMAL CLASSIFICATION NUMBER
Classification number 339
Edition information 21
100 1# - MAIN ENTRY--PERSONAL NAME
Personal name Parkin, Michael,
Dates associated with a name 1939-
245 10 - TITLE STATEMENT
Title Macroeconomics /
Remainder of title Canada in the Global Environment
250 ## - EDITION STATEMENT
Edition statement 4th ed.
260 ## - PUBLICATION, DISTRIBUTION, ETC.
Place of publication, distribution, etc. Toronto, :
Name of publisher, distributor, etc. Addison-Wesley/Longman,
Date of publication, distribution, etc. c2000.
300 ## - PHYSICAL DESCRIPTION
Extent 1 v. (various pagings) :
Other physical details ill. (some col.), col. map ;
Dimensions 26 cm.
504 ## - BIBLIOGRAPHY, ETC. NOTE
Bibliography, etc. note Includes bibliographical references and index.
650 #0 - SUBJECT ADDED ENTRY--TOPICAL TERM
Topical term or geographic name entry element Macroeconomics.
700 ## - ADDED ENTRY--PERSONAL NAME
Personal name Bade, Robin
906 ## - LOCAL DATA ELEMENT F, LDF (RLIN)
a 7
b cbc
c orignew
d 1
e ocip
f 19
g y-gencatlg
942 ## - ADDED ENTRY ELEMENTS (KOHA)
Source of classification or shelving scheme Library of Congress Classification
Koha item type Books
Holdings
Withdrawn status Lost status Source of classification or shelving scheme Damaged status Not for loan Home library Current library Shelving location Date acquired Source of acquisition Total checkouts Full call number Barcode Date last seen Price effective from Koha item type
    Library of Congress Classification     Murang'a University of Technology Library Murang'a University of Technology Library General stacks 20/09/2017 Donation-TFC   HB172.5 .P36 2000 014645 30/08/2024 20/09/2017 Books
    Library of Congress Classification     Murang'a University of Technology Library Murang'a University of Technology Library General stacks 07/12/2017 Donation-TFC   HB172.5 .P36 2000 017515 30/08/2024 07/12/2017 Books
    Library of Congress Classification     Murang'a University of Technology Library Murang'a University of Technology Library General stacks 28/02/2018 Donation-TFC   HB172.5 .P36 2000 019624 28/02/2018 28/02/2018 Books